<?xml version="1.0" encoding="UTF-8"?>
<record
    xmlns:xsi="http://www.w3.org/2001/XMLSchema-instance"
    xsi:schemaLocation="http://www.loc.gov/MARC21/slim http://www.loc.gov/standards/marcxml/schema/MARC21slim.xsd"
    xmlns="http://www.loc.gov/MARC21/slim">

  <leader>00681aam a22002411a 4500</leader>
  <datafield tag="999" ind1=" " ind2=" ">
    <subfield code="c">29067</subfield>
    <subfield code="d">29067</subfield>
  </datafield>
  <controlfield tag="001">YPZ99821</controlfield>
  <controlfield tag="003">YPZ</controlfield>
  <controlfield tag="005">20200403132303.0</controlfield>
  <controlfield tag="008">151116|###########||||||b||||||||||spa|d</controlfield>
  <datafield tag="040" ind1=" " ind2=" ">
    <subfield code="c">SIUNPA</subfield>
  </datafield>
  <datafield tag="041" ind1=" " ind2=" ">
    <subfield code="a">spa</subfield>
  </datafield>
  <datafield tag="044" ind1=" " ind2=" ">
    <subfield code="a">ag</subfield>
  </datafield>
  <datafield tag="080" ind1=" " ind2=" ">
    <subfield code="a">821.134.2(82) F847o</subfield>
  </datafield>
  <datafield tag="100" ind1=" " ind2=" ">
    <subfield code="a">Fray Mocho, seud.</subfield>
    <subfield code="e">&#xC1;lvarez, Jos&#xE9; Sixto</subfield>
  </datafield>
  <datafield tag="245" ind1=" " ind2=" ">
    <subfield code="a">Obras completas</subfield>
    <subfield code="b"> : perfil de luces para Fray Mocho</subfield>
    <subfield code="c">/ Fray Mocho</subfield>
  </datafield>
  <datafield tag="260" ind1=" " ind2=" ">
    <subfield code="a">Buenos Aires</subfield>
    <subfield code="b"> : Schapire</subfield>
    <subfield code="c"> , 1961</subfield>
  </datafield>
  <datafield tag="300" ind1=" " ind2=" ">
    <subfield code="a">2 t.</subfield>
  </datafield>
  <datafield tag="490" ind1=" " ind2=" ">
    <subfield code="a">(Colecci&#xF3;n los consagrados)</subfield>
  </datafield>
  <datafield tag="650" ind1=" " ind2=" ">
    <subfield code="a"> LITERATURA ARGENTINA</subfield>
  </datafield>
  <datafield tag="700" ind1=" " ind2=" ">
    <subfield code="a">Solero, F.J., </subfield>
    <subfield code="d">pr&#xF3;l. y notas </subfield>
  </datafield>
  <datafield tag="700" ind1=" " ind2=" ">
    <subfield code="d">Mu&#xF1;oz, Gori</subfield>
    <subfield code="e"> il. en col.</subfield>
  </datafield>
  <datafield tag="942" ind1=" " ind2=" ">
    <subfield code="c">BK</subfield>
    <subfield code="2">udc</subfield>
  </datafield>
  <datafield tag="952" ind1=" " ind2=" ">
    <subfield code="0">0</subfield>
    <subfield code="1">0</subfield>
    <subfield code="2">udc</subfield>
    <subfield code="3">1</subfield>
    <subfield code="4">0</subfield>
    <subfield code="5">1</subfield>
    <subfield code="7">-1</subfield>
    <subfield code="8">CG</subfield>
    <subfield code="a">BIB_RECT</subfield>
    <subfield code="b">BIB_UARG</subfield>
    <subfield code="d">2015-10-20</subfield>
    <subfield code="e">Don. Flia. Celada</subfield>
    <subfield code="g">230.00</subfield>
    <subfield code="i">05-47549</subfield>
    <subfield code="o">821.134.2(82) F847o</subfield>
    <subfield code="p">05-47549</subfield>
    <subfield code="r">2019-04-03</subfield>
    <subfield code="y">BK</subfield>
  </datafield>
  <datafield tag="952" ind1=" " ind2=" ">
    <subfield code="0">0</subfield>
    <subfield code="1">0</subfield>
    <subfield code="2">udc</subfield>
    <subfield code="3">2</subfield>
    <subfield code="4">0</subfield>
    <subfield code="5">1</subfield>
    <subfield code="7">-1</subfield>
    <subfield code="8">CG</subfield>
    <subfield code="a">BIB_RECT</subfield>
    <subfield code="b">BIB_UARG</subfield>
    <subfield code="d">2015-10-20</subfield>
    <subfield code="e">Don. Flia. Celada</subfield>
    <subfield code="g">230.00</subfield>
    <subfield code="i">05-47550</subfield>
    <subfield code="o">821.134.2(82) F847o</subfield>
    <subfield code="p">05-47550</subfield>
    <subfield code="r">2019-04-03</subfield>
    <subfield code="y">BK</subfield>
  </datafield>
</record>
